Business data processing & programming
Will be shipped from US. Used books may not include companion materials, may have some shelf wear, may contain highlighting/notes, may not include CDs or access codes. 100% money back guarantee.
Gespeichert in:
| 1. Verfasser: | |
|---|---|
| Format: | Buch |
| Sprache: | Undetermined |
| Veröffentlicht: |
Belmont, Calif.
Wadsworth Pub. Co.
1963
|
| Schlagworte: | |
| Tags: |
Tag hinzufügen
Keine Tags, Fügen Sie den ersten Tag hinzu!
|
| Thư viện lưu trữ: | Trung tâm Học liệu Trường Đại học Cần Thơ |
|---|
| LEADER | 00784nam a2200193Ia 4500 | ||
|---|---|---|---|
| 001 | CTU_232586 | ||
| 008 | 210402s9999 xx 000 0 und d | ||
| 082 | |a 651.26 | ||
| 082 | |b G822 | ||
| 100 | |a Gregory, Robert H. | ||
| 245 | 0 | |a Business data processing & programming | |
| 245 | 0 | |c Robert H. Gregory, Richard L. Van Horn | |
| 260 | |a Belmont, Calif. | ||
| 260 | |b Wadsworth Pub. Co. | ||
| 260 | |c 1963 | ||
| 520 | |a Will be shipped from US. Used books may not include companion materials, may have some shelf wear, may contain highlighting/notes, may not include CDs or access codes. 100% money back guarantee. | ||
| 650 | |a Xử lý dữ liệu điện tử,Electronic data processing | ||
| 910 | |b dqhieu | ||
| 980 | |a Trung tâm Học liệu Trường Đại học Cần Thơ | ||